[Event "Tournoi Skype 028A"]
[Site "Skype"]
[Date "????.??.??"]
[Round "4.9"]
[White "Hilton, Stephen"]
[Black "Silvestre Da Silva, Sidnei"]
[Result "1/2-1/2"]
[WhiteElo "1865"]
[BlackElo "1566"]
[PlyCount "39"]

1. c4 c6 2. Nf3 d5 3. e3 Nf6 4. d4 Bg4 5. Qb3 Qc7 6. Nc3 e6 7. Be2 Bd6 8. c5
Be7 9. h3 Bh5 10. O-O O-O 11. Ne5 Bxe2 12. Nxe2 Nbd7 13. f4 Ne4 14. Nc3 Ng3 15.
Rf3 Bh4 16. e4 dxe4 17. Re3 f5 18. Qxe6+ Kh8 19. Nf7+ Rxf7 20. Qxf7 1/2-1/2

[Event "Tournoi Skype 028A"]
[Site "Skype"]
[Date "????.??.??"]
[Round "4.10"]
[White "Altinok, Selim"]
[Black "Elias, Roberto"]
[Result "1-0"]
[WhiteElo "1536"]
[BlackElo "1782"]
[PlyCount "83"]

1. Nf3 d5 2. d4 Nf6 3. e3 c5 4. dxc5 Nc6 5. c4 e5 6. cxd5 Nxd5 7. Bc4 Be6 8.
Qa4 f6 9. e4 Nc7 10. Be3 Bxc4 11. Qxc4 Na6 12. O-O Qa5 13. Rc1 Qb4 14. Qe6+ Be7
15. Nc3 Nxc5 16. Bxc5 Qxc5 17. Nd5 Qd6 18. Qg4 O-O 19. Rd1 Rad8 20. h4 Rf7 21.
h5 Qd7 22. Nxf6+ Bxf6 23. Rxd7 Rfxd7 24. h6 Kf8 25. hxg7+ Rxg7 26. Qe6 Rg6 27.
Qh3 Kg8 28. Rc1 Kh8 29. g3 Rd3 30. Qc8+ Rg8 31. Qf5 Rd6 32. Kg2 Ne7 33. Qh5 Ng6
34. Kf1 Rb6 35. Rc7 Bg7 36. Ng5 h6 37. Nf7+ Kh7 38. Nxh6 Nf4 39. Qxe5 Kxh6 40.
Qxf4+ Kg6 41. Qf5+ Kh6 42. g4 1-0

[Event "Tournoi Skype 028A"]
[Site "Skype"]
[Date "????.??.??"]
[Round "4.11"]
[White "Mayor Martinez, Juan Jose"]
[Black "Aranzubia, Desiderio"]
[Result "1-0"]
[WhiteElo "1768"]
[BlackElo "1548"]
[PlyCount "65"]

1. e4 c5 2. f4 e6 3. Nf3 Nc6 4. Be2 d6 5. O-O Nf6 6. d3 Be7 7. Nc3 O-O 8. Be3
a6 9. h3 b5 10. a3 Bb7 11. Rb1 b4 12. axb4 cxb4 13. Na4 a5 14. c3 Ba6 15. c4
Nh5 16. Kh2 Nf6 17. g4 d5 18. g5 Nd7 19. cxd5 exd5 20. exd5 Na7 21. Qb3 Nc8 22.
Rbc1 Ncb6 23. Nd4 Nxa4 24. Qxa4 Nb6 25. Qxa5 Bxd3 26. Qxa8 Qxa8 27. Bxd3 Nxd5
28. Bd2 Qb8 29. Nc6 Qd6 30. Be4 Re8 31. Bxd5 Qxd5 32. Nxe7+ Rxe7 33. Rc8+ 1-0

[Event "Tournoi Skype 028A"]
[Site "Skype"]
[Date "????.??.??"]
[Round "4.12"]
[White "Karia, Vijay"]
[Black "Grosso, Raul"]
[Result "0-1"]
[WhiteElo "1482"]
[BlackElo "1746"]
[PlyCount "56"]

1. e4 c5 2. Nc3 g6 3. f4 Bg7 4. Nf3 e6 5. d4 cxd4 6. Nxd4 a6 7. Be3 Ne7 8. Bd3
Nbc6 9. Nxc6 Nxc6 10. O-O d6 11. a3 O-O 12. f5 Ne5 13. g4 d5 14. exd5 exd5 15.
Bc5 Re8 16. Be2 Nc4 17. Qxd5 Qxd5 18. Nxd5 Rxe2 19. Nc7 b6 20. Nxa8 bxc5 21.
Rfd1 Bd4+ 22. Kf1 Rxc2 23. Rd3 Ne3+ 24. Ke1 Bb7 25. Nc7 Rxh2 26. Rc1 gxf5 27.
gxf5 Bf3 28. b4 Re2# 0-1

[Event "Tournoi Skype 028A"]
[Site "Skype"]
[Date "????.??.??"]
[Round "4.13"]
[White "Ortega, Elvis"]
[Black "Saponara, Jose Maria"]
[Result "1-0"]
[WhiteElo "1712"]
[BlackElo "1524"]
[PlyCount "107"]

1. d4 d5 2. c4 Nc6 3. Nf3 e5 4. dxe5 d4 5. g3 Nge7 6. Bg2 Ng6 7. O-O Ngxe5 8.
Nbd2 Be7 9. a3 O-O 10. b4 Nxf3+ 11. Nxf3 Bf6 12. Bb2 a6 13. b5 Ne5 14. Qb3 axb5
15. Nxe5 Bxe5 16. cxb5 Rb8 17. Rac1 Be6 18. Qc2 Bd5 19. Qc5 Bxg2 20. Kxg2 Qd6
21. Qxd6 cxd6 22. Rfd1 Rfc8 23. Rxc8+ Rxc8 24. Bxd4 Bxd4 25. Rxd4 Rd8 26. Rc4
g6 27. b6 Ra8 28. a4 Ra5 29. Kf3 Kg7 30. Rd4 d5 31. e4 dxe4+ 32. Kxe4 Kf6 33.
f4 Ke6 34. g4 f5+ 35. gxf5+ Rxf5 36. Rc4 Rh5 37. Rc7 Rxh2 38. Rxb7 Kd6 39. a5
Ra2 40. Rxh7 Rxa5 41. Rg7 Ra4+ 42. Kf3 Kc6 43. Rxg6+ Kb7 44. Kg4 Rb4 45. Kg5
Rb1 46. f5 Kc8 47. Re6 Kd7 48. Kf6 Rb5 49. b7 Kc7 50. Re7+ Kd8 51. Rg7 Rb6+ 52.
Kg5 Rb1 53. b8=Q+ Rxb8 54. Rg8+ 1-0

[Event "Tournoi Skype 028A"]
[Site "Skype"]
[Date "????.??.??"]
[Round "4.14"]
[White "Pasasin, Alejandro"]
[Black "Rosales, Jhon Mike"]
[Result "0-1"]
[WhiteElo "1329"]
[BlackElo "1690"]
[PlyCount "50"]

1. d4 Nf6 2. Bf4 d6 3. Nc3 g6 4. e4 Bg7 5. Be2 O-O 6. g4 Nfd7 7. g5 e5 8. dxe5
dxe5 9. Be3 Qe7 10. Nf3 Nb6 11. h4 Bg4 12. Nh2 Bxe2 13. Qxe2 Rd8 14. Nf3 Nc6
15. Nd2 Nd4 16. Bxd4 exd4 17. Nb5 Qb4 18. Rb1 d3 19. Qd1 Qxb5 20. c3 Nc4 21.
Nxc4 Qxc4 22. f3 Qxa2 23. Kf2 Bxc3 24. Kg3 Bxb2 25. Qe2 Be5+ 0-1

[Event "Tournoi Skype 028A"]
[Site "Skype"]
[Date "????.??.??"]
[Round "4.15"]
[White "Ram, Madhukesh"]
[Black "Quintero Gemio, Antonio Joaquin"]
[Result "0-1"]
[WhiteElo "1243"]
[BlackElo "1673"]
[PlyCount "96"]

1. e4 e5 2. Nf3 Nf6 3. Nxe5 d6 4. Nf3 Nxe4 5. Bc4 d5 6. Bb3 Be7 7. O-O O-O 8.
d3 Nc5 9. Nc3 Nxb3 10. axb3 Bg4 11. Re1 Bf6 12. Bf4 c6 13. h3 Bh5 14. Ra2 Nd7
15. b4 b5 16. Qe2 Nb6 17. Ra6 Qd7 18. g4 Bg6 19. Ne5 Bxe5 20. Bxe5 Rfe8 21. Qd2
h5 22. f3 hxg4 23. hxg4 d4 24. Ne4 Rxe5 25. Qf4 Rae8 26. Rea1 Nc8 27. Kg2 Bxe4
28. dxe4 g5 29. Qh2 R5e6 30. Rh1 Kf8 31. Qh8+ Ke7 32. Qg7 Rg6 33. Qe5+ Kd8 34.
Rh8 Rgg8 35. Qf6+ Kc7 36. Rxg8 Rxg8 37. Rxc6+ Qxc6 38. Qxf7+ Ne7 39. Qxe7+ Kb6
40. Qe5 Rd8 41. Qxg5 Qxc2+ 42. Kg3 Qc7+ 43. Kg2 d3 44. Qe3+ Kb7 45. e5 d2 46.
Qe4+ Kb8 47. Qe2 d1=Q 48. Qxb5+ Qb6 0-1

[Event "Tournoi Skype 028A"]
[Site "Skype"]
[Date "????.??.??"]
[Round "4.16"]
[White "Dal, Ibrahim"]
[Black "Couto, Januario"]
[Result "1-0"]
[WhiteElo "1626"]
[BlackElo "1387"]
[PlyCount "43"]

1. d4 f5 2. e4 fxe4 3. Nc3 g6 4. Nxe4 Bg7 5. Nf3 d6 6. c4 Nd7 7. Bd3 Ngf6 8.
O-O Nxe4 9. Bxe4 Nf6 10. Bc2 O-O 11. Re1 Bg4 12. Qd3 Bf5 13. Qd2 Bxc2 14. Qxc2
Re8 15. d5 Qc8 16. Re6 Nd7 17. Qe2 Qd8 18. Bg5 Kf7 19. Re1 Bf6 20. b4 Nf8 21.
Bh6 Nxe6 22. Qxe6# 1-0

[Event "Tournoi Skype 028A"]
[Site "Skype"]
[Date "????.??.??"]
[Round "4.17"]
[White "Calderon, Francisco"]
[Black "Sharma, Akash"]
[Result "1-0"]
[WhiteElo "1604"]
[BlackElo "1181"]
[PlyCount "81"]

1. e4 e5 2. Bc4 Nf6 3. d3 Be7 4. Nf3 d6 5. Nc3 a6 6. a3 O-O 7. Be3 b5 8. Ba2 c6
9. h3 h6 10. Qd2 Kh7 11. g4 Ng8 12. Ne2 g6 13. c3 Bb7 14. h4 c5 15. h5 g5 16.
Ng3 a5 17. Nf5 Bf6 18. Bb1 Nc6 19. d4 b4 20. dxc5 dxc5 21. Bxc5 Qxd2+ 22. Nxd2
Rfd8 23. axb4 axb4 24. Rxa8 Rxa8 25. cxb4 Ba6 26. Nd6 Nd8 27. b5 Bc8 28. f3 Be7
29. N2c4 Bxd6 30. Nxd6 Nf6 31. O-O Nd7 32. b4 Kg8 33. Rd1 Ne6 34. Nxc8 Ndxc5
35. Nb6 Rb8 36. bxc5 Nxc5 37. Rd5 Rxb6 38. Rxc5 f6 39. Bd3 Rb8 40. Rc6 Kg7 41.
b6 1-0

[Event "Tournoi Skype 028A"]
[Site "Skype"]
[Date "????.??.??"]
[Round "4.18"]
[White "Legueltel, Daniel"]
[Black "Meza, Rafael"]
[Result "1/2-1/2"]
[WhiteElo "1753"]
[BlackElo "1251"]
[PlyCount "65"]

1. d4 Nf6 2. Bf4 e6 3. e3 c5 4. Nf3 cxd4 5. exd4 b6 6. Nbd2 Be7 7. Bd3 Ba6 8.
Bxa6 Nxa6 9. c3 O-O 10. O-O Re8 11. Re1 Nb8 12. Ne5 a6 13. Ndf3 d6 14. Nd3 Nc6
15. Re2 d5 16. Nfe5 Nxe5 17. Nxe5 Bd6 18. Re3 Qc7 19. Qf3 b5 20. Nd3 Bxf4 21.
Qxf4 Qxf4 22. Nxf4 Rab8 23. Nd3 Ng4 24. Rg3 f5 25. h3 Nf6 26. a3 a5 27. Nc5 Kf7
28. Re3 g5 29. f3 f4 30. Re5 h6 31. Rae1 Rb6 32. R5e2 Ng4 33. Re3 1/2-1/2

[Event "Tournoi Skype 028A"]
[Site "Skype"]
[Date "????.??.??"]
[Round "4.19"]
[White "Rapaire, Jean-Michel"]
[Black "Casey, Eamonn"]
[Result "1/2-1/2"]
[WhiteElo "1742"]
[BlackElo "1538"]
[PlyCount "70"]

1. e4 e6 2. d4 d5 3. exd5 exd5 4. Bf4 Nf6 5. Bd3 c5 6. c3 Nc6 7. dxc5 Bxc5 8.
Nf3 Qe7+ 9. Qe2 Qxe2+ 10. Bxe2 O-O 11. O-O Re8 12. Bd3 Ne4 13. Nbd2 Bf5 14. Bb5
Rac8 15. Nb3 Bb6 16. Nfd4 Bd7 17. Rae1 a6 18. Bd3 Bc7 19. Bxc7 Rxc7 20. f3 Nf6
21. Rxe8+ Bxe8 22. Nxc6 Bxc6 23. Re1 Kf8 24. Nd4 b5 25. a3 Bb7 26. Kf2 Re7 27.
Rxe7 Kxe7 28. Ke3 g6 29. g4 Kd6 30. Nb3 Bc8 31. g5 Nh5 32. Nd4 Ng7 33. f4 Bd7
34. Bc2 Bc8 35. Bd3 Bd7 1/2-1/2

[Event "Tournoi Skype 028A"]
[Site "Skype"]
[Date "????.??.??"]
[Round "4.20"]
[White "Leyton Calderon, Jairo Oswaldo"]
[Black "Martinez Quintero, Javier"]
[Result "1/2-1/2"]
[WhiteElo "1526"]
[BlackElo "1697"]
[PlyCount "102"]

1. c4 e5 2. g3 d5 3. cxd5 Qxd5 4. Nf3 Bc5 5. Nc3 Qd6 6. Ne4 Qe7 7. Nxc5 Qxc5 8.
Bg2 c6 9. d4 exd4 10. Qxd4 Qxd4 11. Nxd4 Ne7 12. Bd2 O-O 13. O-O Nd7 14. b4 Nb6
15. Rfc1 Rd8 16. Nb3 Be6 17. Bc3 Nbd5 18. Be1 b6 19. Rc2 Rac8 20. Rac1 Rc7 21.
Nd4 Bd7 22. Bxd5 Nxd5 23. Nxc6 Bxc6 24. Rxc6 Rcd7 25. Rc8 Kf8 26. Rxd8+ Rxd8
27. Rd1 Ke7 28. e4 Nf6 29. Rxd8 Kxd8 30. f3 Ke7 31. a4 Kd6 32. Bc3 Ne8 33. Kf2
f6 34. h4 Nc7 35. f4 Ke6 36. g4 Na6 37. f5+ Ke7 38. g5 Nb8 39. Kf3 Nc6 40. Kf4
a6 41. b5 axb5 42. axb5 Na7 43. Bd4 Nxb5 44. Bxb6 Nc3 45. Bc5+ Kf7 46. Kf3 Ke8
47. Bd4 Nb5 48. Bb2 Kf7 49. Kf4 Nc7 50. Ke3 Nb5 51. Kd3 Nd6 1/2-1/2

[Event "Tournoi Skype 028A"]
[Site "Skype"]
[Date "????.??.??"]
[Round "4.21"]
[White "Knafo, Michel"]
[Black "Vilas Boas, Crisolon Terto"]
[Result "1-0"]
[WhiteElo "1658"]
[BlackElo "1488"]
[PlyCount "49"]

1. e4 c6 2. d4 d5 3. Nd2 Nf6 4. e5 Nfd7 5. h3 e6 6. Ndf3 Nb6 7. Bd3 Bb4+ 8. c3
Be7 9. Ne2 Nc4 10. O-O b5 11. Nd2 Nd7 12. b3 Na5 13. f4 O-O 14. f5 exf5 15.
Bxf5 Nb6 16. Bxc8 Rxc8 17. Nf4 c5 18. Nf3 c4 19. b4 Nb7 20. e6 Rc6 21. Ne5 Rd6
22. Nxf7 Rxf7 23. exf7+ Kxf7 24. Ne6+ Kxe6 25. Qg4# 1-0

[Event "Tournoi Skype 028A"]
[Site "Skype"]
[Date "????.??.??"]
[Round "4.22"]
[White "Rodriguez Gonzalez, Jaime Rafael"]
[Black "Lovell, Stan"]
[Result "1-0"]
[WhiteElo "1473"]
[BlackElo "1651"]
[PlyCount "87"]

1. d4 Nf6 2. Bf4 g6 3. Nf3 Bg7 4. c3 O-O 5. e3 d5 6. Nbd2 Bf5 7. h3 Ne4 8. g4
Bc8 9. Bd3 Nxd2 10. Qxd2 b6 11. e4 Bb7 12. e5 e6 13. Bh6 Nd7 14. h4 f6 15. h5
g5 16. Bxg7 Kxg7 17. exf6+ Qxf6 18. Qxg5+ Kh8 19. Qxf6+ Rxf6 20. Nh4 Raf8 21.
Rf1 e5 22. Bf5 Bc8 23. Kd2 e4 24. f3 exf3 25. Rxf3 b5 26. Re1 Nb6 27. b3 Bxf5
28. Rxf5 Kg7 29. Re7+ R6f7 30. h6+ Kg8 31. Rfxf7 Rxf7 32. Re8+ Rf8 33. Rxf8+
Kxf8 34. g5 Kf7 35. Ke3 Nd7 36. Kf4 Nf8 37. Kf5 a6 38. Nf3 Ng6 39. Ne5+ Nxe5
40. Kxe5 Kg6 41. Kxd5 Kxg5 42. Kc6 Kxh6 43. d5 Kg6 44. Kxc7 1-0

[Event "Tournoi Skype 028A"]
[Site "Skype"]
[Date "????.??.??"]
[Round "4.23"]
[White "Garcia Diaz, Jose"]
[Black "Lambert, Pierre"]
[Result "0-1"]
[WhiteElo "1513"]
[BlackElo "1647"]
[PlyCount "80"]

1. c4 Nf6 2. d4 g6 3. Nc3 Bg7 4. e4 d6 5. Nf3 O-O 6. Be2 c5 7. d5 Nbd7 8. O-O
Ng4 9. h3 Nge5 10. Bf4 Nxf3+ 11. Bxf3 Ne5 12. Be2 a6 13. Qd2 f5 14. Bh6 Bxh6
15. Qxh6 f4 16. f3 e6 17. Rad1 Qf6 18. dxe6 Bxe6 19. Nd5 Bxd5 20. Rxd5 Nf7 21.
e5 dxe5 22. Qxf8+ Rxf8 23. Rxc5 Qb6 24. b4 Rc8 25. Kh2 Rxc5 26. bxc5 Qxc5 27.
Rd1 Qf2 28. Bd3 Kg7 29. Be4 Qxa2 30. Rd7 Kf6 31. Bxb7 Qa4 32. Rc7 a5 33. Bd5
Nd6 34. c5 Nf5 35. Rf7+ Kg5 36. Rxh7 Qd4 37. Be4 Nh4 38. c6 Qf2 39. Rxh4 Kxh4
40. Bxg6 Qg3+ 0-1

[Event "Tournoi Skype 028A"]
[Site "Skype"]
[Date "????.??.??"]
[Round "4.25"]
[White "Teles, Jeferson Lisboa"]
[Black "Morelli, Daniel"]
[Result "1-0"]
[WhiteElo "1599"]
[BlackElo "1370"]
[PlyCount "51"]

1. e4 e5 2. Nf3 Nc6 3. Bc4 Bc5 4. O-O Nf6 5. c3 a6 6. d4 Ba7 7. Bg5 d6 8. dxe5
Nxe5 9. Nxe5 O-O 10. Nxf7 Rxf7 11. Bxf7+ Kxf7 12. Qb3+ Be6 13. Qxb7 Qb8 14.
Qxb8 Rxb8 15. Bxf6 gxf6 16. b3 Rb5 17. Na3 Rb8 18. Nc2 a5 19. c4 c5 20. Ne3 Bb6
21. f4 Kg6 22. f5+ Bxf5 23. exf5+ Kf7 24. Nd5 Bd8 25. Rae1 h5 26. Re6 1-0

[Event "Tournoi Skype 028A"]
[Site "Skype"]
[Date "????.??.??"]
[Round "4.26"]
[White "Vello, Pablo"]
[Black "Vasquez, Oscar"]
[Result "1-0"]
[WhiteElo "1135"]
[BlackElo "1585"]
[PlyCount "79"]

1. d4 Nf6 2. Nc3 d5 3. Bf4 a6 4. f3 Bf5 5. g4 Bg6 6. h4 h6 7. e3 e6 8. h5 Bh7
9. Bd3 Bxd3 10. Qxd3 Bd6 11. Nge2 c5 12. Qd2 Nc6 13. Kf2 Rc8 14. Rag1 cxd4 15.
exd4 Qc7 16. g5 Nxh5 17. Rxh5 e5 18. Be3 exd4 19. Nxd5 Qd8 20. Bf4 Bc5 21. Re1
Kf8 22. gxh6 g6 23. Rh3 Qxd5 24. Ng3 Qd7 25. Rh2 f6 26. Ne4 Qf5 27. Bd6+ Bxd6
28. Nxd6 Ne5 29. Nxf5 gxf5 30. Qb4+ Ke8 31. Qb3 Rc4 32. Rxe5+ fxe5 33. Qxc4 Ke7
34. Qc7+ Ke6 35. Qb6+ Ke7 36. Qxb7+ Ke6 37. Qxa6+ Kf7 38. h7 e4 39. fxe4 fxe4
40. Qb7+ 1-0

[Event "Tournoi Skype 028A"]
[Site "Skype"]
[Date "????.??.??"]
[Round "4.27"]
[White "Khunte, Aniruddha"]
[Black "Grib, Johannes"]
[Result "0-1"]
[WhiteElo "1174"]
[BlackElo "1542"]
[PlyCount "82"]

1. e4 c5 2. Nf3 Nc6 3. d4 cxd4 4. Nxd4 e6 5. Nc3 Nxd4 6. Qxd4 a6 7. Be3 b5 8.
e5 Bb7 9. f3 Nh6 10. Bf2 Nf5 11. Qd2 Qc7 12. O-O-O Bc6 13. g4 Nh6 14. Bg2 Nxg4
15. fxg4 Bxg2 16. Bb6 Qc6 17. Rhg1 Bf3 18. Rdf1 Qxb6 19. Qf4 Be7 20. Qxf3 Bg5+
21. Kb1 O-O 22. Ne4 f6 23. exf6 Bxf6 24. Nxf6+ gxf6 25. g5 f5 26. h4 e5 27.
Qd5+ Qe6 28. Qxe6+ dxe6 29. h5 Kg7 30. Rd1 Rad8 31. Kc1 e4 32. Rxd8 Rxd8 33. g6
h6 34. Re1 a5 35. c3 Rd3 36. Rd1 f4 37. Kc2 f3 38. Rf1 Re3 39. Kd2 Re2+ 40. Kc1
f2 41. Rd1 Re1 0-1

[Event "Tournoi Skype 028A"]
[Site "Skype"]
[Date "????.??.??"]
[Round "4.28"]
[White "Serrano Serrano, Samuel"]
[Black "Violette, Didier"]
[Result "1-0"]
[WhiteElo "1600"]
[BlackElo "1520"]
[PlyCount "39"]

1. e4 c5 2. d4 cxd4 3. c3 dxc3 4. Nxc3 Nc6 5. Nf3 d6 6. Bc4 Nf6 7. O-O Bg4 8.
Bg5 a6 9. Re1 Ne5 10. Be2 Ned7 11. e5 Nxe5 12. Bxf6 gxf6 13. Qa4+ Bd7 14. Qb3
Bc6 15. Nd4 Qc7 16. Bh5 Rg8 17. Rxe5 Rxg2+ 18. Kf1 dxe5 19. Qxf7+ Kd8 20. Ne6+
1-0

[Event "Tournoi Skype 028A"]
[Site "Skype"]
[Date "????.??.??"]
[Round "4.30"]
[White "Thoune, Jim"]
[Black "Gharbi, Said"]
[Result "1-0"]
[WhiteElo "1598"]
[BlackElo "1456"]
[PlyCount "35"]

1. d4 e5 2. dxe5 Nc6 3. Nf3 Qe7 4. Nc3 Nxe5 5. Nxe5 Qxe5 6. e3 Qd6 7. Bd2 c6 8.
Bc4 Nf6 9. Qe2 Be7 10. O-O-O Qc7 11. e4 Bd6 12. Bg5 Be5 13. Qd2 O-O 14. f3 h6
15. Be3 Bxh2 16. g4 Nh7 17. Rxh2 Qd8 18. Bxh6 1-0

[Event "Tournoi Skype 028A"]
[Site "Skype"]
[Date "????.??.??"]
[Round "4.31"]
[White "Ortiz, Vladimir"]
[Black "Alvarez, Juan Evangelista"]
[Result "0-1"]
[WhiteElo "1419"]
[BlackElo "1575"]
[PlyCount "40"]

1. e4 e5 2. Nf3 Nf6 3. Nxe5 Qe7 4. d4 Nxe4 5. Bd3 d6 6. Bxe4 dxe5 7. dxe5 Qxe5
8. Qd3 f5 9. f4 Qxe4+ 10. Qxe4+ fxe4 11. O-O Bc5+ 12. Kh1 e3 13. Re1 O-O 14.
Bxe3 Bxe3 15. Rxe3 Nc6 16. g3 Bf5 17. c3 Rad8 18. Kg1 Rd1+ 19. Kf2 Bxb1 20. Ke2
Rh1 0-1

[Event "Tournoi Skype 028A"]
[Site "Skype"]
[Date "????.??.??"]
[Round "4.32"]
[White "Hurtado De Mendoza, Ramon Miguel"]
[Black "Mantelli, Luca"]
[Result "1-0"]
[WhiteElo "1549"]
[BlackElo "1370"]
[PlyCount "25"]

1. e4 e5 2. Nf3 Nc6 3. Bc4 Bc5 4. c3 Qe7 5. O-O d6 6. d4 Bb6 7. a4 a6 8. Bg5 f6
9. Be3 h5 10. Nh4 Bg4 11. f3 Bc8 12. Ng6 Qf7 13. Bxf7+ 1-0

[Event "Tournoi Skype 028A"]
[Site "Skype"]
[Date "????.??.??"]
[Round "4.34"]
[White "Sauvaget, Joel"]
[Black "Davis, Michael"]
[Result "1/2-1/2"]
[WhiteElo "1290"]
[BlackElo "1530"]
[PlyCount "33"]

1. d4 d5 2. c4 Nf6 3. Nc3 e6 4. Bg5 Be7 5. Nf3 Nbd7 6. e3 h6 7. Bh4 O-O 8. Be2
b6 9. O-O Bb7 10. h3 Ne4 11. Bxe7 Qxe7 12. Qc2 Ndf6 13. cxd5 exd5 14. Rac1 c5
15. dxc5 bxc5 16. Nd2 Nxc3 17. bxc3 1/2-1/2

[Event "Tournoi Skype 028A"]
[Site "Skype"]
[Date "????.??.??"]
[Round "4.35"]
[White "L'Herbon De Lussats, Jean"]
[Black "Galani, Mahendra"]
[Result "1-0"]
[WhiteElo "1272"]
[BlackElo "1526"]
[PlyCount "65"]

1. d4 d5 2. Nf3 Bg4 3. g3 Nf6 4. Bg2 c6 5. Ne5 Be6 6. c4 Qa5+ 7. Bd2 Qb6 8. Bc3
dxc4 9. Nd2 Qb5 10. e3 a5 11. a4 Qa6 12. Qe2 Nfd7 13. e4 Nxe5 14. dxe5 Nd7 15.
f4 f6 16. exf6 Nxf6 17. e5 Nd7 18. O-O O-O-O 19. f5 Bd5 20. e6 Nb6 21. Ne4 Bxe4
22. Qxe4 Nd5 23. Qe5 Rg8 24. Rfd1 Qb6+ 25. Kh1 Qb3 26. Bxd5 Rxd5 27. Rxd5 cxd5
28. Qxd5 g6 29. Qd7+ Kb8 30. Be5+ Ka7 31. Qd4+ Ka6 32. Bb8 Bg7 33. Qa7# 1-0

[Event "Tournoi Skype 028A"]
[Site "Skype"]
[Date "????.??.??"]
[Round "4.36"]
[White "Gadow, Martin"]
[Black "Gokcek, Cagri"]
[Result "0-1"]
[WhiteElo "1521"]
[BlackElo "1320"]
[PlyCount "54"]

1. Nf3 Nf6 2. d4 d5 3. Bf4 Bf5 4. Nbd2 e6 5. e3 Nbd7 6. Be2 c5 7. c3 Be7 8.
dxc5 Nxc5 9. Ne5 O-O 10. O-O Nfd7 11. Nxd7 Qxd7 12. Nf3 Rac8 13. Rc1 Qa4 14. b4
Qxd1 15. Rfxd1 Ne4 16. c4 Bxb4 17. cxd5 Rxc1 18. Rxc1 exd5 19. Nd4 Bg6 20. f3
Nc3 21. Bf1 Rc8 22. a3 Bxa3 23. Ra1 Bc5 24. Nb3 Bb6 25. Rc1 a5 26. Kf2 a4 27.
Nd4 Ne4+ 0-1

[Event "Tournoi Skype 028A"]
[Site "Skype"]
[Date "????.??.??"]
[Round "4.37"]
[White "Zequeda, Javier"]
[Black "Zenini, Simone"]
[Result "0-1"]
[WhiteElo "1183"]
[BlackElo "1489"]
[PlyCount "76"]

1. e4 e5 2. Nf3 Nc6 3. Bc4 Nf6 4. Nc3 Bc5 5. O-O O-O 6. a3 a5 7. d3 d6 8. h3 h6
9. Re1 Re8 10. Bd2 Be6 11. Bb5 Rf8 12. Bxc6 bxc6 13. Ne2 Bb6 14. d4 Nxe4 15.
dxe5 Bxf2+ 16. Kf1 Bxe1 17. Bxe1 d5 18. Ned4 Qd7 19. Nb3 a4 20. Nbd4 c5 21. Ne2
d4 22. Ng3 Nxg3+ 23. Bxg3 Qb5+ 24. Kg1 Qxb2 25. Bf2 Rfb8 26. Nd2 Bf5 27. Nc4
Qxc2 28. Qxc2 Bxc2 29. Rc1 Rb1 30. Rxb1 Bxb1 31. Nd2 Bc2 32. Kh2 Rb8 33. Kg3
Rb2 34. Nc4 Rb3+ 35. Kh2 Rc3 36. Nd6 cxd6 37. exd6 Bf5 38. g4 Bd7 0-1

[Event "Tournoi Skype 028A"]
[Site "Skype"]
[Date "????.??.??"]
[Round "4.38"]
[White "Asterio Dos Santos, Douglas"]
[Black "Aceituno, Stebe"]
[Result "1-0"]
[WhiteElo "1503"]
[BlackElo "1400"]
[PlyCount "51"]

1. d4 Nf6 2. Bf4 g6 3. e3 Bg7 4. Nf3 O-O 5. Be2 d6 6. O-O Nbd7 7. Nbd2 c5 8. c3
cxd4 9. cxd4 d5 10. Rc1 h6 11. h3 Re8 12. Bc7 Qxc7 13. Rxc7 Nb6 14. Qb3 Bf5 15.
Rfc1 Ne4 16. Nxe4 Bxe4 17. Rxb7 Nc4 18. Rc7 Rab8 19. Qc3 Nxb2 20. Rxa7 Nc4 21.
Bxc4 dxc4 22. Qxc4 Bxf3 23. gxf3 e5 24. dxe5 Bxe5 25. Qxf7+ Kh8 26. Qh7# 1-0

[Event "Tournoi Skype 028A"]
[Site "Skype"]
[Date "????.??.??"]
[Round "4.39"]
[White "Mitrani, Alberto"]
[Black "Chavero, Victor"]
[Result "1-0"]
[WhiteElo "1482"]
[BlackElo "1283"]
[PlyCount "25"]

1. Nf3 d5 2. c4 c6 3. g3 Nf6 4. Nc3 e6 5. d3 Bb4 6. Bg2 O-O 7. O-O Nbd7 8. cxd5
Bxc3 9. bxc3 cxd5 10. Rb1 Qc7 11. Qb3 Nb6 12. Bf4 Nfd7 13. Bxc7 1-0

[Event "Tournoi Skype 028A"]
[Site "Skype"]
[Date "????.??.??"]
[Round "4.40"]
[White "Perrone, Gabriel Lorenzo"]
[Black "Engstrom, Olle"]
[Result "1-0"]
[WhiteElo "1377"]
[BlackElo "1463"]
[PlyCount "77"]

1. d4 e6 2. c4 Nf6 3. Nf3 c5 4. e3 a6 5. Be2 cxd4 6. Nxd4 e5 7. Nf3 Nc6 8. b3
d5 9. Bb2 Bd6 10. cxd5 Nxd5 11. O-O e4 12. Nfd2 O-O 13. Nxe4 Bxh2+ 14. Kxh2
Qh4+ 15. Kg1 Qxe4 16. Bf3 Qg6 17. Qxd5 Rd8 18. Qh5 Bf5 19. Qxg6 Bxg6 20. Nc3
Rd2 21. Bc1 Rc2 22. Na4 Rd8 23. Nb2 Bd3 24. Rd1 Be2 25. Rxd8+ Nxd8 26. Bxe2
Rxe2 27. Kf1 Rc2 28. Nc4 b5 29. Na3 Rc6 30. Bd2 Ne6 31. Rc1 Rxc1+ 32. Bxc1 Nc5
33. Ke2 Ne4 34. Nc2 Nc3+ 35. Kd3 Nxa2 36. Ba3 a5 37. Bc5 Nc1+ 38. Kc3 b4+ 39.
Kc4 1-0

[Event "Tournoi Skype 028A"]
[Site "Skype"]
[Date "????.??.??"]
[Round "4.42"]
[White "Ramirez Reina, Orlando"]
[Black "Carballo, Jorge"]
[Result "0-1"]
[WhiteElo "1385"]
[BlackElo "1367"]
[PlyCount "130"]

1. e4 e5 2. Nf3 Nc6 3. Bc4 Be7 4. c3 Nf6 5. O-O O-O 6. d3 d5 7. exd5 Nxd5 8.
Re1 Bf6 9. d4 exd4 10. Nxd4 Nxd4 11. cxd4 Nb6 12. Bb3 Bxd4 13. Qf3 Qf6 14. Qg3
Bxb2 15. Bxb2 Qxb2 16. Qc3 Qxc3 17. Nxc3 Bf5 18. Nb5 c6 19. Nd6 Bc8 20. Re7 Nd5
21. Bxd5 cxd5 22. Nxb7 Bxb7 23. Rxb7 Rfb8 24. Rd7 Rd8 25. Re7 Kf8 26. Rb7 d4
27. Kf1 d3 28. Rd1 d2 29. Ke2 Re8+ 30. Kxd2 Rad8+ 31. Kc2 Re2+ 32. Kc1 Rxd1+
33. Kxd1 Rxa2 34. Ke1 a5 35. g3 a4 36. Ra7 a3 37. Kf1 Ra1+ 38. Kg2 a2 39. Kf3
f5 40. h4 h6 41. Kf4 g6 42. f3 Ke8 43. g4 fxg4 44. fxg4 Rf1+ 45. Ke5 a1=Q+ 46.
Rxa1 Rxa1 47. Kf6 Ra6+ 48. Kg7 Ke7 49. Kxh6 Kf6 50. g5+ Kf5 51. h5 gxh5+ 52.
Kxh5 Rg6 53. Kh4 Kf4 54. Kh5 Rxg5+ 55. Kh6 Kf5 56. Kh7 Kf6 57. Kh6 Rg6+ 58. Kh5
Kf5 59. Kh4 Rg5 60. Kh3 Kf4 61. Kh4 Rg8 62. Kh5 Rg1 63. Kh6 Kf5 64. Kh7 Kf6 65.
Kh8 Kf7 0-1

[Event "Tournoi Skype 028A"]
[Site "Skype"]
[Date "????.??.??"]
[Round "5.1"]
[White "Lopez, Jose Luis"]
[Black "Zendeboodi, Fariba"]
[Result "1/2-1/2"]
[WhiteElo "1757"]
[BlackElo "1468"]
[PlyCount "45"]

1. d4 Nf6 2. Bf4 d5 3. e3 e6 4. Bd3 Bd6 5. Bg3 c5 6. c3 Nc6 7. Nf3 O-O 8. Nbd2
cxd4 9. exd4 a6 10. Ne5 Qc7 11. f4 Ne7 12. Bh4 Ng6 13. Bg3 b5 14. a3 Bb7 15.
Qf3 Ne7 16. O-O Nf5 17. Bf2 Be7 18. g4 Nd6 19. g5 Nfe4 20. Qh3 g6 21. Bxe4 Nxe4
22. Nxe4 dxe4 23. Be3 1/2-1/2

[Event "Tournoi Skype 028A"]
[Site "Skype"]
[Date "????.??.??"]
[Round "5.2"]
[White "Calcino, Luis"]
[Black "Deville, Olivier"]
[Result "0-1"]
[WhiteElo "1706"]
[BlackElo "1823"]
[PlyCount "106"]

1. e4 c5 2. Nf3 d6 3. d4 Nf6 4. Nc3 cxd4 5. Nxd4 Nc6 6. Bc4 Qb6 7. Nb3 e6 8.
Bf4 Ne5 9. Bb5+ Bd7 10. Be3 Qc7 11. O-O a6 12. Bxd7+ Qxd7 13. Nd2 Rc8 14. h3
Nc4 15. Nxc4 Rxc4 16. Qf3 Be7 17. Rfd1 Qc7 18. Bf4 O-O 19. Rd3 Qc6 20. b3 Rc5
21. Rad1 Rd8 22. e5 Qxf3 23. gxf3 Nd7 24. exd6 Bf6 25. Ne4 Rxc2 26. a4 Ne5 27.
Nxf6+ gxf6 28. Bxe5 fxe5 29. Kg2 Kf8 30. Kg3 Ke8 31. R1d2 Rxd2 32. Rxd2 Kd7 33.
Kh4 Rg8 34. Kh5 Rg6 35. Rd3 Rg2 36. Rd2 Rh2 37. Kg4 Rh1 38. Kg3 Re1 39. Kg2 e4
40. fxe4 Rxe4 41. Rd3 Re5 42. Rg3 h6 43. Rf3 Rg5+ 44. Kh2 f5 45. Rd3 Rg8 46.
Rd4 e5 47. Rb4 Kc6 48. d7 e4 49. Rd4 Rd8 50. Rc4+ Kxd7 51. Rc5 Ke6 52. Kg3 Rd3+
53. Kf4 Rf3# 0-1

[Event "Tournoi Skype 028A"]
[Site "Skype"]
[Date "????.??.??"]
[Round "5.3"]
[White "Yeter, Orhan"]
[Black "Montalvo, Mario"]
[Result "0-1"]
[WhiteElo "1245"]
[BlackElo "1811"]
[PlyCount "28"]

1. e4 d6 2. d4 Nf6 3. Nc3 g6 4. f4 Bg7 5. Nf3 O-O 6. Be3 Bg4 7. h3 Bxf3 8. Qxf3
c5 9. dxc5 Qa5 10. cxd6 Nxe4 11. Qxe4 exd6 12. Bd3 d5 13. Qxd5 Bxc3+ 14. bxc3
Qxd5 0-1